MARC

LEADER 00000nam0a2200000 4500
001 29142
005 20231030203203.0
010 |a 5020300160 
035 |a (RuTPU)RU\TPU\book\29401 
035 |a BOOK00029476 
090 |a 29142 
100 |a 20011209d1992 k y0rusy50 ca 
101 0 |a rus 
102 |a RU 
105 |a a a 001zy 
200 1 |a Приконтактовые явления и некоторые вопросы генезиса интрузивных гранитоидов  |f А. П. Пономарева; Под ред. Э. П. Изоха 
210 |a Новосибирск  |c Наука  |d 1992 
215 |a 272 с.  |c ил. 
225 1 |a Труды Института геологии и геофизики  |v Вып. 791 
320 |a Библиогр.: с. 260-271. 
610 1 |a геология 
610 1 |a магматический этапвмещающие породы 
610 1 |a гранитоидные массивы 
610 1 |a химическое взаимодействие 
610 1 |a гранитоиды 
610 1 |a классификация 
610 1 |a интрузивные гранитоиды 
675 |a 552.161  |v 3 
675 |a 552.32  |v 3 
700 1 |a Пономарева  |b А. П.  |g Анна Прокофьевна 
702 1 |a Изох  |b Э. П 
712 0 2 |a Академия наук СССР  |b Сибирское отделение  |b Институт геологии и геофизики  |2 stltpush  |3 (RuTPU)RU\TPU\col\128 
801 0 |a RU  |b 63413507  |c 20011209  |g PSBO 
801 2 |a RU  |b 63413507  |c 20081008  |g PSBO 
942 |c BK